Score 0/11 Timer 02:00
0 Plays Today
Hint Scramble % Correct
EPAPea
98%
NIEPPine
97.1%
ZELHAHazel
78.1%
SETCHChest
73.6%
Common Theme for all WordsTypes of Nuts
73.3%
LIZBARBrazil
70.2%
CANEPPecan
70%
CADMAIAMAMacadamia
69.7%
CHOIATSPIPistachio
60.8%
SHACWECashew
59.9%
NOMDALAlmond
59.6%
Remove Ads.
Support Sporcle.
Get the best of Sporcle when you Go Orange. This ad-free experience offers more features, more stats, and more fun while also helping to support Sporcle. Thank you for becoming a member.

You're not logged in!

Compare scores with friends on all Sporcle quizzes.
OR
Log In

Show Comments

Extras

Top Quizzes Today


Score Distribution

Your Account Isn't Verified!

In order to create a playlist on Sporcle, you need to verify the email address you used during registration. Go to your Sporcle Settings to finish the process.

Report this User

Report this user for behavior that violates our Community Guidelines.

Details: